000
00330 a2200157 4500
001
176548
020
_a
040
_c
Magnum
100
_a
Schmitt, Carlos A.
240
1
0
_a
Sei em quem acredito
_l
por
245
1
0
_a
Sei em quem acredito
362
0
_a
1899
440
1
_a
Paulinas
697
_a
MAGNITO: RELIGIAO
942
_c
BK
999
_c
176548
_d
176548